| 000 | 00698nam a2200205Ii 4500 | ||
|---|---|---|---|
| 003 | JO-AjNU | ||
| 008 | 230605s9999||||xx |||||||||||||| ||und|| | ||
| 040 |
_aJO-AjNU _bara _erda _cJO-AjNU |
||
| 041 | _aara | ||
| 050 | 1 | 4 | _aPJ6199.N87 1987 |
| 100 | 3 |
_aبقلم مجموعة من الأساتذة؛ تحريرالكبيسي، طراد, _eauthor _937986 |
|
| 245 | 0 | 0 | _aنصوص في اللغة |
| 250 | _aط1 | ||
| 264 | 3 | 1 | _aبغداد: دار الشؤون الثقافية العامة، 1987 |
| 300 | _a90ص | ||
| 336 |
_atext _btxt _2rdacontent |
||
| 337 |
_aunmediated _bn _2rdamedia |
||
| 338 |
_avolume _bnc _2rdacarrier |
||
| 650 | 4 |
_aاللغة العربية - علم اللغة _937987 |
|
| 999 |
_aA15921 _c19489 _d19489 |
||